Complete the Card - WWE Judgment Day 2004 - Statistics

General Stats
  • This quiz has been taken 7 times
  • The average score is 13 of 20
Answer Stats
Answer % Correct
Chavo Guerrero
100%
Eddie Guerrero
100%
John Cena
100%
Rey Mysterio
100%
Bubba Ray Dudley
80%
Dawn Marie
80%
D-Von Dudley
80%
John Bradshaw Layfield
80%
Rene Dupree
80%
The Undertaker
80%
Torrie Wilson
80%
Booker T
60%
Charlie Haas
60%
Rob Van Dam
60%
Rico
40%
Scotty 2 Hotty
40%
Billy Gunn
20%
Hardcore Holly
20%
Jacqueline
20%
Mordecai
20%
No matching quizzes found
Score Distribution
Percent of People with Each Score
Percentile by Number Answered
Your Score History
You have not taken this quiz